=LDR 00000nam 2200000 4500 =001 INLIS000000000005988 =005 20130612094151 =008 ***********************************Ind** =035 ##$$0010-061300000005988 =041 ##$$a Ind =082 ##$$a 291 =090 ##$$a 291, Sha t =100 ##$$a Ash-Shamad, Ulfat Aziz =245 ##$$a Islam dan kristen, dua kutub yang saling berbenturan, Ulafat Aziz Ash-Shamad; penerjemah, M. Said =260 ##$$a 1995 $b Jakarta =300 ##$$a viii, 98 hlm.c21 cm =650 ##$$a Agama, Perbandingan =700 ##$$a Said, M =850 ##$$a NBPNMAT